书目信息 |
| 题名: |
计算机系统维护工程
|
|
| 作者: | 史秀璋 , 郭晨 , 史京生 主编 | |
| 分册: | ||
| 出版信息: | 北京 华大学出版社 2011 |
|
| 页数: | 276页 | |
| 开本: | 26cm | |
| 丛书名: | ||
| 单 册: | ||
| 中图分类: | TP307 | |
| 科图分类: | ||
| 主题词: | 计算机系统--维修--高等学校--教材 , 计算机系统 | |
| 电子资源: | ||
| ISBN: | 978-7-302-26069-1 | |
| 000 | 01203nam0 2200289 45 | |
| 001 | 1237497169 | |
| 005 | 20120615092146.00 | |
| 010 | @a978-7-302-26069-1@dCNY29.50 | |
| 100 | @a20120509d2011 ekmy0chiy0120 ea | |
| 101 | 0 | @achi |
| 102 | @aCN@b110000 | |
| 105 | @aa z 000yy | |
| 106 | @ar | |
| 200 | 1 | @a计算机系统维护工程@AJi Suan Ji Xi Tong Wei Hu Gong Cheng@f史秀璋,郭晨,史京生主编@FShi Xiu Zhang, Guo Chen, Shi Jing Sheng Zhu Bian |
| 205 | @a2版 | |
| 210 | @a北京@c华大学出版社@d2011 | |
| 215 | @a276页@c图@d26cm | |
| 300 | @a21世纪高等学校计算机应用技术规划教材 | |
| 330 | @a本书介绍了计算机硬件的维修和软件的安装与调试的相关知识,详细讲授了最新微机的各个部件的组成,如CPU、主板、内存、显示卡、显示器、软驱、硬盘、光驱、鼠标、键盘、机箱、电源、声卡、计算机的外设及网络常用设备等配件的结构、工作原理、型号、选购;硬件的组装、CMOS设置、硬盘的初始化、软件的安装和设置及网络的连接方法。 | |
| 606 | 0 | @a计算机系统@x维修@x高等学校@j教材 |
| 606 | 0 | @a计算机系统 |
| 690 | @aTP307@v4 | |
| 701 | 0 | @a史秀璋@AShi Xiu Zhang@4主编 |
| 701 | 0 | @a郭晨@AGuo Chen@4主编 |
| 701 | 0 | @a史京生@AShi Jing Sheng@4主编 |
| 801 | 0 | @aCN@bTSTCL@c20120605 |
| 905 | @b0815797-801@dTP307@e559=2@f5 | |
| 计算机系统维护工程/史秀璋,郭晨,史京生主编.-2版.-北京:华大学出版社,2011 |
| 276页:图;26cm |
| 21世纪高等学校计算机应用技术规划教材 |
| ISBN 978-7-302-26069-1:CNY29.50 |
| 本书介绍了计算机硬件的维修和软件的安装与调试的相关知识,详细讲授了最新微机的各个部件的组成,如CPU、主板、内存、显示卡、显示器、软驱、硬盘、光驱、鼠标、键盘、机箱、电源、声卡、计算机的外设及网络常用设备等配件的结构、工作原理、型号、选购;硬件的组装、CMOS设置、硬盘的初始化、软件的安装和设置及网络的连接方法。 |
| ● |
| 相关链接 |
|
|
|
|
正题名:计算机系统维护工程
索取号:TP307/559=2
 
预约/预借
| 序号 | 登录号 | 条形码 | 馆藏地/架位号 | 状态 | 备注 |
| 1 | 0815797 | 208157974 | 第二样本阅览室/ [索取号:TP307/559=2] | 在馆 | |
| 2 | 0815798 | 208157983 | 第三借阅区/ [索取号:TP307/559=2] | 在馆 | |
| 3 | 0815799 | 208157992 | 第三借阅区/ [索取号:TP307/559=2] | 在馆 | |
| 4 | 0815800 | 208158009 | 第三借阅区/ [索取号:TP307/559=2] | 在馆 | |
| 5 | 0815801 | 208158018 | 第三借阅区/ [索取号:TP307/559=2] | 在馆 |